Estadísticas para Prueba de Sudán del Sur

Haz click aquí para tomar la prueba!

Estadísticas generales

  • Esta prueba ha sido tomada 128 veces
  • La puntuación promedio es 13 de 17

Estadísticas de respuestas

PistaRespuesta% Correcto
Países limítrofesSudán
94%
Países limítrofesKenia
91%
Potencia colonial que controló Sudán del Sur de 1899 a 1956Reino Unido
91%
Países limítrofesRepública Democrática del Congo
89%
Países limítrofesUganda
88%
Países limítrofesRepública Centroafricana
88%
Países limítrofesEtiopía
88%
Año en que Sudán del Sur obtuvo su independencia2011
86%
Idioma oficialInglés
81%
Capital de Sudán del SurYuba
79%
El río en el que se encuentra la capitalNilo {Blanco}
77%
El presidente de los EE.UU. que dio a Salva Kiir Mayardit, el primer presidente
de Sudán del Sur, su sombrero de marca Stetson
George W. Bush
76%
El pueblo Dinka de Sudán del Sur podría ser el más ____ del mundo.
Manute Bol es un buen ejemplo.
Alto
75%
Otra "lengua franca" de Sudán del SurÁrabe
72%
Los ingresos de esta industria constituyen el 98% de los ingresos del gobiernoPetróleo
69%
Moneda de Sudán del SurLibra
51%
Vastas tierras pantanosas que obstaculizaron los primeros esfuerzos para encontrar el origen de ese ríoSudd
31%

Distribución de puntuación

Porcentaje por número respondido

Porcentaje de gente con cada puntuación

Historial de tus puntuaciones

No has tomado esta prueba